Liam Payne - Hips Don't Lie (All Lyrics) - Statistics

General Stats
  • This quiz has been taken 8 times
    6 since last reset
  • The average score is 92 of 464
Answer Stats
Answer % Correct
Don't
100%
don't
100%
(Don't
100%
hips
67%
I
67%
lie
67%
lie)
67%
and
33%
be
33%
can
33%
care
33%
have
33%
know
33%
love
33%
see
33%
the
33%
The
33%
(The
33%
to
33%
what
33%
you
33%
You
33%
(You
33%
your
33%
acquainted
0%
afford
0%
Ain't
0%
alone
0%
animal
0%
anxious
0%
back
0%
because
0%
bed
0%
bed,
0%
bed)
0%
better
0%
bill
0%
But
0%
caging
0%
can't
0%
'Cause
0%
chill
0%
come
0%
ed
0%
even
0%
eye
0%
eyes
0%
faking
0%
for
0%
forth
0%
giving
0%
got
0%
hope
0%
(Hope
0%
hot
0%
how
0%
I'm
0%
in
0%
is
0%
Is
0%
It
0%
it
0%
kill
0%
Let
0%
like
0%
low
0%
lying
0%
me
0%
me?
0%
movin'
0%
my
0%
(My
0%
need
0%
no
0%
(No)
0%
now
0%
of
0%
oh
0%
Oh
0%
(Oh
0%
oh)
0%
(Oh)
0%
(Ooh)
0%
Ooh
0%
ooh
0%
outside
0%
Right
0%
rocking
0%
Rocking
0%
seducing
0%
shining
0%
side
0%
side)
0%
sit
0%
so
0%
speak
0%
speak)
0%
sure
0%
take
0%
that
0%
they're
0%
time
0%
tonight
0%
(Tonight)
0%
too
0%
Unless
0%
Wants
0%
wasting
0%
way
0%
We're
0%
we're
0%
with
0%
(Woo)
0%
yeah
0%
(Yeah)
0%
you're
0%
You're
0%
No matching quizzes found
Score Distribution
Percent of People with Each Score
Percentile by Number Answered
Your Score History
You have not taken this quiz since the last reset